The Legend of Zelda: Breath of the Wild Regions - Statistics

General Stats
  • This quiz has been taken 52 times
  • The average score is 5 of 8
Answer Stats
- Answer % Correct
- Central Hyrule
79%
- Lanayru
72%
- Eldin
69%
- Gerudo
69%
- Hebra
69%
- Akkala
66%
- Faron
59%
- Necluda
55%
No matching quizzes found
Score Distribution
Percent of People with Each Score
Percentile by Number Answered
Your Score History
You have not taken this quiz